01139nam a22001457a 4500008004100000020001500041050001500056100002000071245004600091250000800137260002800145300002500173500002000198505077500218120201t xxu||||| |||| 00| 0 eng d a0071154434 aHD62.4.B21 aMcCulloch, Ball aInternational business. /cBall McCulloch a7th aBoston: bIrwin, c1999 a673 p.:bill.,c25cm aIncludes index. aContents: The Nature of international business: The Rapid change of global business -- Trading and investing in international business -- The Dynamics of international organizations -- Understanding the international monetary system -- The Foreign environmental forces : Financial forces: Influencing international international business -- Economic and socioeconomic forces -- Sociocultural forces -- Political forces -- Legal forces -- Labor forces -- Competitive and distributive forces -- Assessing and analyzing -- Marketing internationally export and import practies -- Human resources management -- Financial management -- Global operations management: The Third industrial revolution -- Strategic planning organization desgin and control of the firm -- Glossary